Bütün şiirleri (Record no. 10753)

MARC details
000 -BAŞLIK
Sabit Uzunlukta Kontrol Alanı 00735na a2200265 4500
001 - KONTROL NUMARASI
Denetim Alanı 24234
003 - KONTROL NUMARASI IDENTIFIER
Denetim Alanı MIRAKIL
005 - SON İŞLEM TARİHİ VE ZAMANI
Denetim Alanı 20181213155332.0
008 - SABİT-BOY VERİ ELEMANLARI - GENEL BİLGİLER
Sabit Uzunlukta Kontrol Alanı 180705b tu 000 0
020 ## - ULUSLARARASI STANDART KİTAP NUMARASI
Uluslararası Standart Kitap Numarası 9789750812170
040 ## - KATALOGLAMA KAYNAK
Orijinal Kataloglama Ajansı Milas
Kataloglama Dili tur
Metne Dönüştürmek Ajansı TR-AnCHP
041 ## - DİL KODU
Metin / Ses Parça Veya Ayrı Başlığın Dil Kodu tur
082 ## - DEWEY ONLU SINIFLANDIRMA NUMARASI
Sınıflandırma Numarası 811.42
Ürün Numarası N29b 2012
090 ## - SINIFLAMA NUMARASI
Sınıflama Numarası 811.42 N29b 2012
100 ## - ANA GİRİŞ - KİŞİSEL İSİM
Kişisel Ad Nazım Hikmet
245 ## - BAŞLIK TABLOSU
Başlık Bütün şiirleri
Sorumluluk Tablosu, Vb Nazım Hikmet
250 ## - EDITION TABLOSU
Baskı Beyanı 8. bs.
260 ## - YAYIN, DAĞITIM, VB
Yayın, Dağıtım, Vb Yeri İstanbul
Yayıncı, Dağıtıcı, Vs Adı Yapı Kredi Yayınları
Yayın, Dağıtım, Vb Tarihi 2012
Üretici Firma Acar basım ve cilt san.
300 ## - FİZİKSEL TANIM
Kapsam 2094 s.
Boyutlar 18 sm.
440 ## - SERİSİ TABLOSU / KATMA GİRİŞİ - BAŞLIK
Başlık Yapı Kredi Yayınları
Hacim / Ardışık Tanımı 2476
490 ## - SERİSİ TABLOSU
Seri Beyanı Delta
Hacim / Ardışık Tanımı 7
600 ## - KONU KATMA GİRİŞ - KURUMSAL ADI
Kişisel Ad Ran, Nazım Hikmet
Başlıklar Ve Bir Adla İlişkili Diğer Kelimeler Şair
Bir Adıyla İlişkilendirilen Tarihler 1902-1963
650 ## - KONU KATMA GİRİŞ - TOPİKAL DÖNEM
Topikal Süreli Veya Coğrafi Ad Giriş Elemanı Türk edebiyatı
Genel Alt Bölümü Şiir
942 ## - EKLENDİ GİRİŞ ELEMANLARI (KOHA)
Sınıflandırma Veya Raf Düzeni Kaynak Dewey Decimal Classification
Koha Öğesi Türü Books
999 ## - SİSTEM KONTROL NUMARALARI (KOHA)
Koha Biblionumber 10753
Koha Biblioitemnumber 10753
Holdings
Kalıcı Konum Mevcut Konum Edinme Tarihi Edinim Kaynak Toplam Check-Out'Lar Toplam Yenileme Tam Çağrı Numarası Barkod Tarih Son Görülme Tarihi Geçen Teslim İtibaren Geçerli Fiyatlar Koha Öğesi Türü
CHP Kütüphanesi CHP Kütüphanesi 07/05/2018 Bağış 1 2 811.42 N29b 2012 018244 04/04/2019 01/28/2019 07/05/2018 Books